000 00734nam a2200181 4500
001 113421
003 ES-MaACL
005 20250830212206.0
007 t|
008 061121s1970 sp r ||||1| spa d
100 1 _aNixon, Richard M.
_985786
245 1 0 _aPolítica exterior de los Estados Unidos para el decenio que comienza en 1970
_b: una nueva estrategia en pro de la paz : informe del presidente Richard Nixon al Congreso de los Estados Unidos, febrero 18 de 1970 /
_cRichard M. Nixon.
260 _aMadrid :
_bServicio de Información de los Estados Unidos,
_c1970.
300 _a80 p. ;
_c27 cm.
710 2 _aUnited States Information Service
_94026
852 _aES-MaACL
_jC-41031
_bR.73190
999 _c113421
_d113421